1001 useful phrases and expressions: Idiomatic, figurative and colloquial (Record no. 33092)

MARC details
000 -LEADER
fixed length control field 00318nam a2200109Ia 4500
082 ## - DEWEY DECIMAL CLASSIFICATION NUMBER
Classification number 801.3
Item number MEH
100 ## - MAIN ENTRY--AUTHOR NAME
Personal name Mehta, R J
245 #0 - TITLE STATEMENT
Title 1001 useful phrases and expressions: Idiomatic, figurative and colloquial
260 ## - PUBLICATION, DISTRIBUTION, ETC. (IMPRINT)
Place of publication Bombay
Name of publisher D B Taraporevala
Year of publication 1977
942 ## - ADDED ENTRY ELEMENTS (KOHA)
Koha item type Books
Holdings
Withdrawn status Lost status Damaged status Not for loan Home library Current library Date acquired Cost, normal purchase price Full call number Accession Number Koha item type
        RRII Library RRII Library 16/12/2021 9.95 801.3 MEH 13593 Books